000 00583nam a2200181Ia 4500
005 20250508155538.0
008 008 250505s9999 xx 000 0 eng d
037 _aBooks to be hide in OPAC
040 _aFEDL
_beng
_cFEDL
041 _aeng
_2eng
084 _a370.7, IND/O
_qFEDL
245 0 _aNational foundation for teachers' welfare: Memorandum of association and rules and regulations for administration
245 0 _cMinistry of Education Government of India
260 _c1965
300 _a24p.
942 _cHB
_h370.7, IND/O
999 _c1357615
_d1357615